Ναυτιλίας ανάβασις : γεγονότα και πρόσωπα της μεγάλης εξόρμησης [Περίοδος 1950-1970]
Αποθηκεύτηκε σε:
| Κύριος συγγραφέας: | |
|---|---|
| Μορφή: | Βιβλίο |
| Γλώσσα: | Greek |
| Δημοσίευση: |
[Αθήνα] :
T and T Publishing,
2007.
|
| Θέματα: | |
| Ετικέτες: |
Προσθήκη ετικέτας
Δεν υπάρχουν, Καταχωρήστε ετικέτα πρώτοι!
|
MARC
| LEADER | 00000cam a2200000 a 4500 | ||
|---|---|---|---|
| 001 | 1/117118 | ||
| 008 | 180904syyyy2007gr | ||| |||| ||gre|| | ||
| 020 | |a 9789608598249 | ||
| 040 | |a GR-MyUa |b gre |c GR-MyUa |e AACR2 | ||
| 041 | 0 | |a gre | |
| 082 | 7 | |a 387.59495 |2 (23) | |
| 100 | 1 | |a Μπάτης, Ευστάθιος Αντ., |d 1924-2012. | |
| 245 | 1 | 0 | |a Ναυτιλίας ανάβασις : |b γεγονότα και πρόσωπα της μεγάλης εξόρμησης [Περίοδος 1950-1970] / |c Ευστάθιου Μπάτη. |
| 260 | |a [Αθήνα] : |b T and T Publishing, |c 2007. | ||
| 300 | |a 247 σ. : |b εικ. ; |c 24 εκ. | ||
| 650 | 0 | |a Merchant marine |z Greece |x History. | |
| 852 | |a INST |b CHIOS |e 20190701 |h 387.59495 ΜΠΑ |p 005200039305 |q 005200039305 |t BK |y 0 | ||
| 852 | |a INST |b SAMOS |e 20180904 |h 387.59495 ΜΠΑ |p 005300045556 |q 005300045556 |t BK |y 0 | ||
| 970 | |a Φιλιππή |b Φάλη |z 04-09-2018 | ||